| 000 | 00733nam a22002177a 4500 | ||
|---|---|---|---|
| 999 |
_c18673 _d18673 |
||
| 003 | AR-CdUCM | ||
| 008 | 190515b ||||| |||| 00| 0 spa d | ||
| 040 |
_aMUNICIPALIDAD PROVINCIAL DEL CUSCO _cBIBLIOTECA MUNICIPAL DEL CUSCO |
||
| 041 | _hfre | ||
| 082 |
_a693.2 / _bS25 |
||
| 100 |
_aSavary, V. _939404 |
||
| 245 | _aTecnología de albañilería / | ||
| 260 |
_aMadrid : _bParaninfo, _c1971. |
||
| 300 |
_a314 páginas ; _bIlustraciones, _c22 cm. |
||
| 505 | _aContenido: El material -- Los andamios -- Materiales naturales de construcción -- Materiales artificiales ... | ||
| 650 |
_aAlbañilería _921045 |
||
| 650 |
_aConstrucción _94996 |
||
| 700 |
_aJoly, R. _939405 |
||
| 942 |
_2ddc _cLIBROS |
||
| 945 |
_aacv _d2019-05-15 |
||